Gaming Quiz

Random Gaming or Video Games Quiz

Top 50 Original Games Quiz Stats

 Plays Quiz not verified by Sporcle

Challenge
Share
Tweet
Embed
Score 0/50 Timer 15:00
0 Plays Today
Rating Game % Correct
95.39Halo: Combat Evolved
89.3%
91.52Call of Duty
45.1%
93.88Gears of War
37.5%
94.06Half-Life
34.1%
94.63BioShock
27.9%
94.99BioShock
27.9%
93.81BioShock
27.9%
89.75The Sims
24.7%
93.37God of War
20.8%
90.71Mass Effect
17.6%
89.78Mass Effect
17.6%
94.71Gran Turismo
17.3%
94.54LittleBigPlanet
16.9%
94.55Perfect Dark
16.8%
91.96Guitar Hero
13.3%
91.78Rock Band
11.1%
91.19Rock Band
11.1%
90.13ICO
8.3%
92.42Okami
6.9%
89.81Okami
6.9%
90.31Crazy Taxi
6.7%
92.43Devil May Cry
6.6%
92.35Tom Clancy's Splinter Cell
6.5%
90.09Tom Clancy's Splinter Cell
6.5%
93.71Tony Hawk's Pro Skater
6.5%
Rating Game % Correct
90.29Jak and Daxter: The Precursor Legacy
6.4%
91.00Deus Ex
5.6%
91.77Jet Grind Radio
5.3%
90.04Eternal Darkness: Sanity's Requiem
5.1%
90.33Skies of Arcadia
4.4%
90.21Psychonauts
4.4%
90.25Crysis
4.3%
92.77Forza Motorsport
3.7%
93.95World of Goo
3.6%
92.43Braid
3.4%
93.00Grim Fandango
3.4%
91.32Viewtiful Joe
3%
90.99Xenogears
2.7%
91.53NFL 2K
2.5%
89.94Lumines
2.2%
89.97Demon's Souls
2.2%
91.97Vagrant Story
2.2%
91.94SSX
1.9%
89.65Thief: The Dark Project
1.9%
91.48Virtua Tennis
1.4%
90.42Ape Escape
1.4%
92.00Sid Meier's Alpha Centauri
1%
93.69Company of Heroes
1%
89.86Mafia
0.8%
90.491080: TenEighty Snowboarding
0.7%

You're not logged in!

Compare scores with friends on all Sporcle quizzes.
Join for Free
OR
Log In

You Might Also Like...

Show Comments

Extras

Top Quizzes Today


Score Distribution

Your Account Isn't Verified!

In order to create a playlist on Sporcle, you need to verify the email address you used during registration. Go to your Sporcle Settings to finish the process.

Report this User

Report this user for behavior that violates our Community Guidelines.

Details: